The Palgrave Handbook of Twentieth and Twenty-First Century Literature and Science (Record no. 18085)
[ view plain ]
| 000 -LEADER | |
|---|---|
| fixed length control field | 00714nam a2200109Ia 4500 |
| 008 - FIXED-LENGTH DATA ELEMENTS--GENERAL INFORMATION | |
| fixed length control field | 220615s9999||||xx |||||||||||||| ||und|| |
| 245 #4 - TITLE STATEMENT | |
| Title | The Palgrave Handbook of Twentieth and Twenty-First Century Literature and Science |
| 546 ## - LANGUAGE NOTE | |
| Language note | English[eng] |
| 650 ## - SUBJECT ADDED ENTRY--TOPICAL TERM | |
| Topical term or geographic name entry element | health; medicine; environmental science; energy science; animal studies; genetics; genomics; neuro-cognition; technology; biotechnology; computational science |
| 700 ## - ADDED ENTRY--PERSONAL NAME | |
| Personal name | Ahuja, Neel||Allewaert, Monique||Andrews, Lindsey||Canavan, Gerry||Evans, Rebecca||Farooq, Nihad M.||Fretwell, Erica||Gaskill, Nicholas||Jagoda, Patrick||Lamb, Erin Gentry||Rhee, Jennifer||Rusert, Britt||Taylor, Matthew||Vadde, Aarthi||Wald, Priscilla||Walsh, Rebecca |
| 942 ## - ADDED ENTRY ELEMENTS (KOHA) | |
| Koha item type | E-Books |
| Withdrawn status | Lost status | Damaged status | Not for loan | Home library | Current library | Date acquired | Total Checkouts | Date last seen | Price effective from | Koha item type |
|---|---|---|---|---|---|---|---|---|---|---|
| Kerala University of Digital Sciences, Innovation and Technology Knowledge Centre | Kerala University of Digital Sciences, Innovation and Technology Knowledge Centre | 15/06/2022 | 15/06/2022 | 15/06/2022 | E-Books |